[Event "European Online Club-ch-D 2021"]
[Site "Online"]
[Date "2021.03.27"]
[Round "7.20"]
[White "Estevez Sacristan, Deva"]
[Black "Kelmendi, Bajrush"]
[Result "0-1"]
[WhiteElo "1932"]
[BlackElo "1951"]
[Annotator "NA"]
[PlyCount "108"]
[EventDate "2021.03.27"]
[EventType "team-tourn"]
[EventCountry "NET"]
[SourceTitle "playchess.com"]
[Source "ChessBase"]
[SourceQuality "1"]
[TimeControl "900+5"]

1. e4 {[%emt 0:00:00]} g6 {[%emt 0:00:12]} 2. d4 {[%emt 0:00:12]} Bg7 {[%emt 0:00:05]} 3. Nc3 {[%emt 0:00:15]} b6 {[%emt 0:00:04]} 4. Be3 {[%emt 0:00:18]} Bb7 {[%emt 0:00:04]} 5. Nf3 {[%emt 0:00:25]} e6 {[%emt 0:00:04]} 6. Bd3 {[%emt 0:00:24]} d6 {[%emt 0:00:04]} 7. Qd2 {[%emt 0:00:19]} h6 {[%emt 0:00:04]} 8. O-O {[%emt 0:00:12]} Ne7 {[%emt 0:00:05]} 9. Rad1 {[%emt 0:00:07]} Nd7 {[%emt 0:00:04]} 10. b4 {[%emt 0:00:26]} a6 {[%emt 0:00:11]} 11. a4 {[%emt 0:00:06]} d5 {[%emt 0:00:05]} 12. Qe2 {[%emt 0:00:29]} O-O {[%emt 0:01:30]} 13. Nd2 {[%emt 0:00:20]} dxe4 {[%emt 0:00:07]} 14. Ndxe4 {[%emt 0:02:25]} Nf5 {[%emt 0:00:37]} 15. Bc4 {[%emt 0:00:18]} Qe7 {[%emt 0:00:14]} 16. b5 {[%emt 0:00:13]} axb5 {[%emt 0:00:31]} 17. axb5 {[%emt 0:00:08]} Nxe3 {[%emt 0:00:19]} 18. fxe3 {[%emt 0:00:07]} Ra3 {[%emt 0:00:23]} 19. Ra1 {[%emt 0:00:15]} Rfa8 {[%emt 0:00:04]} 20. Rxa3 {[%emt 0:00:11]} Rxa3 {[%emt 0:00:06]} 21. Bb3 {[%emt 0:00:40]} Kh7 {[%emt 0:00:40]} 22. Qf3 {[%emt 0:00:15]} Bxe4 {[%emt 0:00:40]} 23. Nxe4 {[%emt 0:00:15]} f5 {[%emt 0:00:25]} 24. Nd2 {[%emt 0:00:05]} Ra7 {[%emt 0:00:29]} 25. Qc6 {[%emt 0:00:40]} e5 {[%emt 0:00:08]} 26. dxe5 {[%emt 0:00:23]} Nxe5 {[%emt 0:00:05]} 27. Qd5 {[%emt 0:00:07]} h5 {[%emt 0:00:08]} 28. e4 {[%emt 0:00:23]} Ng4 {[%emt 0:01:02]} 29. Re1 {[%emt 0:01:38]} Qc5+ {[%emt 0:00:47]} 30. Qxc5 {[%emt 0:00:10]} bxc5 {[%emt 0:00:03]} 31. Nf3 {[%emt 0:00:57]} fxe4 {[%emt 0:00:05]} 32. Ng5+ {[%emt 0:00:04]} Kh6 {[%emt 0:00:02]} 33. Nf7+ {[%emt 0:00:09]} Kh7 {[%emt 0:00:07]} 34. Ng5+ {[%emt 0:00:02]} Kh8 {[%emt 0:00:02]} 35. h3 {[%emt 0:01:02]} Bd4+ {[%emt 0:00:12]} 36. Kf1 {[%emt 0:00:08]} Ne3+ {[%emt 0:00:05]} 37. Ke2 {[%emt 0:00:12]} Nxg2 {[%emt 0:00:05]} 38. Rf1 {[%emt 0:00:08]} Kg7 {[%emt 0:00:39]} 39. Ne6+ {[%emt 0:00:38]} Kh6 {[%emt 0:00:07]} 40. Rf7 {[%emt 0:00:36]} Rb7 {[%emt 0:00:11]} 41. Bc4 {[%emt 0:00:12]} Ne3 {[%emt 0:00:05]} 42. Bb3 {[%emt 0:00:23]} Rxb5 {[%emt 0:00:20]} 43. h4 {[%emt 0:00:23]} Nf5 {[%emt 0:00:10]} 44. Bd5 {[%emt 0:00:31]} e3 {[%emt 0:00:33]} 45. Nf8 {[%emt 0:00:11]} Nxh4 {[%emt 0:00:08]} 46. Be4 {[%emt 0:00:20]} Rb6 {[%emt 0:00:12]} 47. Rf4 {[%emt 0:00:23]} Kg5 {[%emt 0:00:33]} 48. Rf1 {[%emt 0:00:17]} Nf5 {[%emt 0:00:24]} 49. Rg1+ {[%emt 0:00:05]} Kh6 {[%emt 0:00:05]} 50. Kd3 {[%emt 0:00:37]} Rf6 {[%emt 0:00:13]} 51. Nd7 {[%emt 0:00:03]} Rd6 {[%emt 0:00:07]} 52. Bxf5 {[%emt 0:00:04]} gxf5 {[%emt 0:00:04]} 53. Nf8 {[%emt 0:00:01]} Bg7+ {[%emt 0:00:04]} 54. Kxe3 {[%emt 0:00:06]} Bd4+ {[%emt 0:00:04]} 0-1

[Event "European Online Club-ch-D 2021"]
[Site "Online"]
[Date "2021.03.27"]
[Round "8.1"]
[White "Eren, Ataberk"]
[Black "Sanchez Gonzalez, Sergio"]
[Result "1-0"]
[WhiteElo "2306"]
[BlackElo "2281"]
[Annotator "NA"]
[PlyCount "61"]
[EventDate "2021.03.27"]
[EventType "team-tourn"]
[EventCountry "NET"]
[SourceTitle "playchess.com"]
[Source "ChessBase"]
[SourceQuality "1"]
[TimeControl "900+5"]

1. d4 {[%emt 0:00:00]} Nf6 {[%emt 0:00:09]} 2. Nf3 {[%emt 0:00:04]} e6 {[%emt 0:00:03]} 3. Bf4 {[%emt 0:00:02]} c5 {[%emt 0:00:04]} 4. e3 {[%emt 0:00:04]} d5 {[%emt 0:00:03]} 5. Nbd2 {[%emt 0:00:08]} Nc6 {[%emt 0:00:07]} 6. c3 {[%emt 0:00:05]} Bd6 {[%emt 0:00:07]} 7. Bg3 {[%emt 0:00:03]} Qc7 {[%emt 0:00:08]} 8. dxc5 {[%emt 0:00:04]} Bxg3 {[%emt 0:00:03]} 9. hxg3 {[%emt 0:00:01]} a5 {[%emt 0:00:07]} 10. a4 {[%emt 0:00:51]} Bd7 {[%emt 0:00:05]} 11. Nb3 {[%emt 0:00:10]} e5 {[%emt 0:00:14]} 12. Bb5 {[%emt 0:00:06]} e4 {[%emt 0:00:10]} 13. Nfd4 {[%emt 0:00:08]} Ne5 {[%emt 0:00:06]} 14. O-O {[%emt 0:00:15]} O-O {[%emt 0:00:15]} 15. Be2 {[%emt 0:02:11]} Rfd8 {[%emt 0:00:12]} 16. Nb5 {[%emt 0:00:38]} Bxb5 {[%emt 0:00:10]} 17. axb5 {[%emt 0:00:27]} Nc4 {[%emt 0:00:22]} 18. Qd4 {[%emt 0:01:39]} a4 {[%emt 0:00:42]} 19. Nc1 {[%emt 0:00:13]} Nxb2 {[%emt 0:00:07]} 20. Qb4 {[%emt 0:00:23]} Nc4 {[%emt 0:00:22]} 21. Bxc4 {[%emt 0:00:14]} dxc4 {[%emt 0:00:01]} 22. Qxc4 {[%emt 0:00:08]} a3 {[%emt 0:00:08]} 23. Nb3 {[%emt 0:00:09]} Qe5 {[%emt 0:00:08]} 24. c6 {[%emt 0:03:23]} bxc6 {[%emt 0:00:05]} 25. bxc6 {[%emt 0:00:07]} Ng4 {[%emt 0:00:07]} 26. Rfd1 {[%emt 0:00:38]} Qf5 {[%emt 0:00:04]} 27. Rxd8+ {[%emt 0:01:22]} Rxd8 {[%emt 0:00:04]} 28. c7 {[%emt 0:00:01]} Qxf2+ {[%emt 0:00:55]} 29. Kh1 {[%emt 0:00:02]} Rc8 {[%emt 0:00:01]} 30. Rd1 {[%emt 0:00:22]} Qf6 {[%emt 0:00:22]} 31. Qa6 {[%emt 0:00:52]} 1-0

[Event "European Online Club-ch-D 2021"]
[Site "Online"]
[Date "2021.03.27"]
[Round "8.2"]
[White "Gongora Montes, Benjamin"]
[Black "Ozkan, Ervin"]
[Result "0-1"]
[WhiteElo "2198"]
[BlackElo "2147"]
[Annotator "NA"]
[PlyCount "64"]
[EventDate "2021.03.27"]
[EventType "team-tourn"]
[EventCountry "NET"]
[SourceTitle "playchess.com"]
[Source "ChessBase"]
[SourceQuality "1"]
[TimeControl "900+5"]

1. d4 {[%emt 0:00:00]} d5 {[%emt 0:00:02]} 2. Nf3 {[%emt 0:00:04]} Nf6 {[%emt 0:00:02]} 3. Bg5 {[%emt 0:00:05]} e6 {[%emt 0:00:05]} 4. Nbd2 {[%emt 0:00:04]} Be7 {[%emt 0:00:02]} 5. e3 {[%emt 0:00:02]} h6 {[%emt 0:00:02]} 6. Bh4 {[%emt 0:00:04]} Nbd7 {[%emt 0:01:06]} 7. Bd3 {[%emt 0:00:06]} b6 {[%emt 0:00:08]} 8. Ne5 {[%emt 0:00:25]} Nxe5 {[%emt 0:00:20]} 9. dxe5 {[%emt 0:00:03]} Nd7 {[%emt 0:00:01]} 10. Bg3 {[%emt 0:00:03]} Bb7 {[%emt 0:00:16]} 11. Qe2 {[%emt 0:00:14]} Nc5 {[%emt 0:00:22]} 12. O-O-O {[%emt 0:01:04]} Qd7 {[%emt 0:00:47]} 13. Qg4 {[%emt 0:00:25]} Nxd3+ {[%emt 0:00:12]} 14. cxd3 {[%emt 0:00:03]} O-O-O {[%emt 0:01:54]} 15. Qxg7 {[%emt 0:00:19]} h5 {[%emt 0:02:34]} 16. Qxf7 {[%emt 0:00:15]} Rdf8 {[%emt 0:00:23]} 17. Qg7 {[%emt 0:00:11]} Qe8 {[%emt 0:00:46]} 18. Nf3 {[%emt 0:03:22]} Rfg8 {[%emt 0:00:12]} 19. Qxh8 {[%emt 0:00:07]} Rxh8 {[%emt 0:00:01]} 20. Bf4 {[%emt 0:00:05]} Rg8 {[%emt 0:00:10]} 21. g3 {[%emt 0:00:17]} Qa4 {[%emt 0:00:48]} 22. Kb1 {[%emt 0:00:06]} c5 {[%emt 0:00:09]} 23. h4 {[%emt 0:00:04]} c4 {[%emt 0:00:33]} 24. Nd4 {[%emt 0:00:09]} Kd7 {[%emt 0:00:25]} 25. dxc4 {[%emt 0:01:36]} dxc4 {[%emt 0:01:07]} 26. Rhe1 {[%emt 0:00:10]} Be4+ {[%emt 0:00:35]} 27. Ka1 {[%emt 0:00:05]} Bd3 {[%emt 0:00:06]} 28. Ne2 {[%emt 0:02:01]} Bb4 {[%emt 0:00:14]} 29. Nc3 {[%emt 0:00:03]} Bxc3 {[%emt 0:00:15]} 30. bxc3 {[%emt 0:00:03]} Qa3 {[%emt 0:00:28]} 31. Rc1 {[%emt 0:00:05]} Rc8 {[%emt 0:00:17]} 32. Bh6 {[%emt 0:00:56]} Ke8 {[%emt 0:00:02]} 0-1

[Event "European Online Club-ch-D 2021"]
[Site "Online"]
[Date "2021.03.27"]
[Round "8.3"]
[White "Kilic, Gokturk Kagan"]
[Black "Pascual Palomo, Lucia"]
[Result "1-0"]
[WhiteElo "2084"]
[BlackElo "2101"]
[Annotator "NA"]
[PlyCount "123"]
[EventDate "2021.03.27"]
[EventType "team-tourn"]
[EventCountry "NET"]
[SourceTitle "playchess.com"]
[Source "ChessBase"]
[SourceQuality "1"]
[TimeControl "900+5"]

1. d4 {[%emt 0:00:00]} e6 {[%emt 0:00:03]} 2. c4 {[%emt 0:00:09]} f5 {[%emt 0:00:16]} 3. g3 {[%emt 0:00:46]} Nf6 {[%emt 0:00:26]} 4. Bg2 {[%emt 0:00:03]} Bb4+ {[%emt 0:00:18]} 5. Bd2 {[%emt 0:00:11]} Be7 {[%emt 0:00:05]} 6. Nc3 {[%emt 0:00:04]} O-O {[%emt 0:00:03]} 7. Nf3 {[%emt 0:00:10]} c5 {[%emt 0:00:19]} 8. O-O {[%emt 0:00:14]} cxd4 {[%emt 0:00:27]} 9. Nxd4 {[%emt 0:00:03]} Nc6 {[%emt 0:00:02]} 10. Bg5 {[%emt 0:00:47]} h6 {[%emt 0:00:15]} 11. Bxf6 {[%emt 0:00:33]} Bxf6 {[%emt 0:00:14]} 12. Ndb5 {[%emt 0:00:05]} Na5 {[%emt 0:02:01]} 13. Qd3 {[%emt 0:03:03]} Rb8 {[%emt 0:00:39]} 14. Nxa7 {[%emt 0:05:57]} Qc7 {[%emt 0:00:58]} 15. b3 {[%emt 0:00:24]} Bxc3 {[%emt 0:00:56]} 16. Nb5 {[%emt 0:00:25]} Qe5 {[%emt 0:01:26]} 17. Qxc3 {[%emt 0:00:34]} Qxc3 {[%emt 0:00:15]} 18. Nxc3 {[%emt 0:00:02]} b6 {[%emt 0:00:05]} 19. Rfd1 {[%emt 0:00:03]} Rf7 {[%emt 0:00:18]} 20. Rd6 {[%emt 0:00:16]} f4 {[%emt 0:00:43]} 21. Rad1 {[%emt 0:00:12]} Kf8 {[%emt 0:00:29]} 22. Na4 {[%emt 0:01:14]} b5 {[%emt 0:00:27]} 23. cxb5 {[%emt 0:00:04]} Rxb5 {[%emt 0:00:09]} 24. Nb6 {[%emt 0:00:02]} Bb7 {[%emt 0:01:31]} 25. Nxd7+ {[%emt 0:00:04]} Kg8 {[%emt 0:00:26]} 26. Rxe6 {[%emt 0:00:35]} Rbf5 {[%emt 0:01:00]} 27. Bxb7 {[%emt 0:00:52]} Nxb7 {[%emt 0:00:09]} 28. Ne5 {[%emt 0:00:06]} Rf8 {[%emt 0:00:06]} 29. Ng6 {[%emt 0:00:04]} R5f6 {[%emt 0:01:04]} 30. Nxf8 {[%emt 0:00:04]} Kxf8 {[%emt 0:00:04]} 31. Rxf6+ {[%emt 0:00:02]} gxf6 {[%emt 0:00:00]} 32. gxf4 {[%emt 0:00:01]} Nc5 {[%emt 0:00:03]} 33. e3 {[%emt 0:00:02]} Ne4 {[%emt 0:00:02]} 34. Kg2 {[%emt 0:00:01]} Nc3 {[%emt 0:00:01]} 35. Rd2 {[%emt 0:00:02]} Ne4 {[%emt 0:00:02]} 36. Rb2 {[%emt 0:00:02]} Nc3 {[%emt 0:00:02]} 37. b4 {[%emt 0:00:02]} Ke7 {[%emt 0:00:01]} 38. Rb3 {[%emt 0:00:07]} Nb5 {[%emt 0:00:03]} 39. a4 {[%emt 0:00:02]} Na7 {[%emt 0:00:03]} 40. b5 {[%emt 0:00:01]} f5 {[%emt 0:00:01]} 41. a5 {[%emt 0:00:01]} Kd6 {[%emt 0:00:03]} 42. b6 {[%emt 0:00:01]} Nc6 {[%emt 0:00:01]} 43. b7 {[%emt 0:00:03]} Nb8 {[%emt 0:00:02]} 44. Rb6+ {[%emt 0:00:02]} Kc7 {[%emt 0:00:01]} 45. Kg3 {[%emt 0:00:04]} h5 {[%emt 0:00:08]} 46. Kh4 {[%emt 0:00:01]} Nd7 {[%emt 0:00:06]} 47. b8=Q+ {[%emt 0:00:03]} Nxb8 {[%emt 0:00:02]} 48. Rxb8 {[%emt 0:00:01]} Kxb8 {[%emt 0:00:00]} 49. Kxh5 {[%emt 0:00:02]} Kc7 {[%emt 0:00:02]} 50. Kg6 {[%emt 0:00:01]} Kd6 {[%emt 0:00:00]} 51. h4 {[%emt 0:00:02]} Kd5 {[%emt 0:00:00]} 52. h5 {[%emt 0:00:01]} Ke4 {[%emt 0:00:01]} 53. h6 {[%emt 0:00:01]} Kf3 {[%emt 0:00:00]} 54. h7 {[%emt 0:00:01]} Ke2 {[%emt 0:00:01]} 55. h8=Q {[%emt 0:00:03]} Kf1 {[%emt 0:00:00]} 56. a6 {[%emt 0:00:02]} Ke2 {[%emt 0:00:00]} 57. a7 {[%emt 0:00:01]} Kf3 {[%emt 0:00:01]} 58. a8=Q+ {[%emt 0:00:02]} Ke2 {[%emt 0:00:00]} 59. Qh5+ {[%emt 0:00:04]} Kf1 {[%emt 0:00:00]} 60. Qa1+ {[%emt 0:00:03]} Kg2 {[%emt 0:00:01]} 61. Qhh1+ {[%emt 0:00:02]} Kxf2 {[%emt 0:00:03]} 62. Qae1# {[%emt 0:00:02]} 1-0

[Event "European Online Club-ch-D 2021"]
[Site "Online"]
[Date "2021.03.27"]
[Round "8.4"]
[White "Estevez Sacristan, Deva"]
[Black "Erdogmus, Yagiz Kaan"]
[Result "0-1"]
[WhiteElo "1932"]
[BlackElo "1955"]
[Annotator "NA"]
[PlyCount "66"]
[EventDate "2021.03.27"]
[EventType "team-tourn"]
[EventCountry "NET"]
[SourceTitle "playchess.com"]
[Source "ChessBase"]
[SourceQuality "1"]
[TimeControl "900+5"]

1. e4 {[%emt 0:00:00]} c5 {[%emt 0:00:03]} 2. Nc3 {[%emt 0:00:02]} e6 {[%emt 0:00:02]} 3. Nf3 {[%emt 0:00:03]} Nc6 {[%emt 0:00:02]} 4. d4 {[%emt 0:00:01]} cxd4 {[%emt 0:00:02]} 5. Nxd4 {[%emt 0:00:02]} Nf6 {[%emt 0:00:02]} 6. g3 {[%emt 0:00:14]} Bb4 {[%emt 0:00:06]} 7. Bg2 {[%emt 0:00:04]} O-O {[%emt 0:00:04]} 8. O-O {[%emt 0:00:07]} d6 {[%emt 0:00:03]} 9. Nxc6 {[%emt 0:01:49]} bxc6 {[%emt 0:00:04]} 10. Na4 {[%emt 0:00:18]} Ba6 {[%emt 0:00:15]} 11. c3 {[%emt 0:00:48]} Bxf1 {[%emt 0:00:07]} 12. Qxf1 {[%emt 0:00:03]} Ba5 {[%emt 0:00:02]} 13. Bg5 {[%emt 0:00:05]} h6 {[%emt 0:00:29]} 14. Bf4 {[%emt 0:00:56]} Bc7 {[%emt 0:00:51]} 15. Rd1 {[%emt 0:00:07]} d5 {[%emt 0:00:34]} 16. Be3 {[%emt 0:01:45]} Ng4 {[%emt 0:02:45]} 17. Bc5 {[%emt 0:00:17]} Bd6 {[%emt 0:00:06]} 18. h3 {[%emt 0:00:28]} Bxc5 {[%emt 0:00:20]} 19. Nxc5 {[%emt 0:00:38]} Ne5 {[%emt 0:00:04]} 20. exd5 {[%emt 0:00:13]} cxd5 {[%emt 0:00:04]} 21. Qe2 {[%emt 0:00:14]} Qc7 {[%emt 0:02:05]} 22. Na6 {[%emt 0:00:39]} Qb6 {[%emt 0:01:01]} 23. Qxe5 {[%emt 0:00:42]} Qxa6 {[%emt 0:00:04]} 24. a3 {[%emt 0:00:02]} Rab8 {[%emt 0:00:11]} 25. Rd2 {[%emt 0:01:54]} Rb3 {[%emt 0:00:20]} 26. Rd4 {[%emt 0:00:38]} f6 {[%emt 0:02:30]} 27. Qc7 {[%emt 0:01:07]} Rb7 {[%emt 0:00:42]} 28. Qc5 {[%emt 0:00:25]} Rxb2 {[%emt 0:00:07]} 29. Rd1 {[%emt 0:01:08]} Qb6 {[%emt 0:00:05]} 30. Qxb6 {[%emt 0:02:21]} axb6 {[%emt 0:00:09]} 31. Re1 {[%emt 0:00:07]} Kf7 {[%emt 0:00:03]} 32. Bf1 {[%emt 0:00:10]} Rc8 {[%emt 0:00:04]} 33. Bb5 {[%emt 0:00:02]} Rxb5 {[%emt 0:00:03]} 0-1

[Event "European Online Club-ch-D 2021"]
[Site "Online"]
[Date "2021.03.27"]
[Round "8.5"]
[White "Adams, Michael"]
[Black "Reimanis, Ritvars"]
[Result "1-0"]
[WhiteElo "2716"]
[BlackElo "2412"]
[Annotator "TA"]
[PlyCount "77"]
[EventDate "2021.03.27"]
[EventType "team-tourn"]
[EventCountry "NET"]
[SourceTitle "playchess.com"]
[Source "ChessBase"]
[SourceQuality "1"]

{[%evp 9,77,27,16,23,16,19,51,45,65,58,58,72,70,64,59,52,54,54,83,93,93,93,75,56,56,64,81,67,90,79,175,162,171,187,243,242,254,250,310,47,273,286,271,259,234,230,487,514,460,510,749,662,643,637,1039,629,622,621,618,565,924,898,1157,1154,1096,961,1043,1002,1541,1472]} 1. e4 c5 2. Nf3 Nc6 3. Bb5 g6 4. Bxc6 bxc6 5. d4 Bg7 6. dxc5 {B31: Sicilian: 2...Nc6 3 Bb5 g6.} Qa5+ 7. Nbd2 Ba6 8. Rb1 {White is slightly better.} Rb8 9. a3 $1 Qxc5 10. b4 Qb6 11. c4 {[#]} Nf6 $146 ({Predecessor:} 11... Nh6 12. O-O O-O 13. Qc2 d6 14. Nb3 Qc7 15. Re1 Ng4 16. h3 Ne5 17. Nxe5 Bxe5 {1-0 (70) Nakar,E (2461)-Vorontsov,P (2578) Irving 2018}) 12. O-O O-O 13. e5 Ng4 14. Bb2 c5 15. h3 Nh6 16. b5 $36 {[%mdl 2048] Black is under pressure.} Bb7 17. a4 {[%cal Ba3a4,Ba4a5][%mdl 32]} a6 18. Qc2 Rfc8 19. Bc3 axb5 (19... Qe6 $16 {was called for.}) 20. cxb5 ({Much less strong is} 20. Rxb5 $6 Qa7 $14) 20... Nf5 21. a5 Qe6 (21... Qa7 $142 22. a6 Bd5) 22. Rfe1 $18 Ba8 23. Qa4 Qd5 24. Nc4 $2 (24. a6 $18) 24... Nd4 $2 {Loses the game.} ({Black should play} 24... Qd3 $14 25. Rb3 Bd5) 25. Bxd4 cxd4 26. Nb6 Rxb6 27. axb6 Rc4 $2 (27... d3 28. Rbd1 Bh6) 28. Rb4 {White is clearly winning.} Rxb4 29. Qxb4 {[%mdl 64] [#] Double Attack} Bf8 30. Ra1 Bb7 31. Ra7 d3 32. Qd4 Qxd4 33. Nxd4 {[%mdl 4096] [#] Endgame Threatens to win with Nb3. KRN-KB} d2 34. Ra1 f6 35. Nb3 Bh6 36. Rd1 Kf7 37. Nxd2 fxe5 38. Nc4 Ke6 39. Na5 {Weighted Error Value: White=0.33/Black=0.47} 1-0

[Event "European Online Club-ch-D 2021"]
[Site "Online"]
[Date "2021.03.27"]
[Round "8.6"]
[White "Kvetny, Mark"]
[Black "McShane, Luke J"]
[Result "1/2-1/2"]
[WhiteElo "2416"]
[BlackElo "2674"]
[Annotator "ChessBase"]
[PlyCount "124"]
[EventDate "2021.03.27"]
[EventType "team-tourn"]
[EventCountry "NET"]
[SourceTitle "playchess.com"]
[Source "ChessBase"]
[SourceQuality "1"]
[TimeControl "900+5"]

1. Nf3 {[%emt 0:00:00]} g6 {[%emt 0:00:22]} 2. d4 {[%emt 0:00:08]} Nf6 {[%emt 0:00:09]} 3. c3 {[%emt 0:00:14]} Bg7 {[%emt 0:00:08]} 4. Bg5 {[%emt 0:00:02]} d6 {[%emt 0:00:12]} 5. Nbd2 {[%emt 0:00:04]} O-O {[%emt 0:00:21]} 6. e4 {[%emt 0:00:06]} Qe8 {[%emt 0:00:28]} 7. Bc4 {[%emt 0:00:27]} e5 {[%emt 0:00:10]} 8. dxe5 {[%emt 0:00:03]} dxe5 {[%emt 0:00:03]} 9. O-O {[%emt 0:00:03]} Nbd7 {[%emt 0:00:08]} 10. b4 {[%emt 0:01:17]} h6 {[%emt 0:00:22]} 11. Bh4 {[%emt 0:00:10]} Nh5 {[%emt 0:00:22]} 12. Bg3 {[%emt 0:00:34]} Nxg3 {[%emt 0:01:16]} 13. hxg3 {[%emt 0:00:02]} Nf6 {[%emt 0:00:03]} 14. a4 {[%emt 0:00:23]} a5 {[%emt 0:00:55]} 15. Qb3 {[%emt 0:00:17]} Ng4 {[%emt 0:01:29]} 16. Rfe1 {[%emt 0:00:40]} Bf6 {[%emt 0:00:30]} 17. Nf1 {[%emt 0:00:32]} Kg7 {[%emt 0:00:26]} 18. Ne3 {[%emt 0:01:14]} h5 {[%emt 0:00:11]} 19. b5 {[%emt 0:01:02]} Qe7 {[%emt 0:01:04]} 20. Rad1 {[%emt 0:00:55]} Rb8 {[%emt 0:02:45]} 21. Re2 {[%emt 0:00:31]} b6 {[%emt 0:00:51]} 22. Nd5 {[%emt 0:01:34]} Qc5 {[%emt 0:00:09]} 23. Ne1 {[%emt 0:00:04]} h4 {[%emt 0:02:10]} 24. Nd3 {[%emt 0:02:23]} Qd6 {[%emt 0:00:03]} 25. gxh4 {[%emt 0:00:10]} Bxh4 {[%emt 0:00:04]} 26. g3 {[%emt 0:00:28]} Bd8 {[%emt 0:00:10]} 27. f3 {[%emt 0:00:50]} Nf6 {[%emt 0:00:04]} 28. Rdd2 {[%emt 0:00:37]} Nxd5 {[%emt 0:00:39]} 29. Bxd5 {[%emt 0:00:07]} Qf6 {[%emt 0:00:16]} 30. Ne1 {[%emt 0:01:09]} Be7 {[%emt 0:00:08]} 31. Rh2 {[%emt 0:00:17]} Bc5+ {[%emt 0:00:19]} 32. Kf1 {[%emt 0:00:01]} Qe7 {[%emt 0:00:15]} 33. Nd3 {[%emt 0:00:23]} Bd7 {[%emt 0:00:34]} 34. Nxc5 {[%emt 0:00:15]} Qxc5 {[%emt 0:00:20]} 35. Qc4 {[%emt 0:00:03]} Qxc4+ {[%emt 0:00:10]} 36. Bxc4 {[%emt 0:00:01]} Rbd8 {[%emt 0:00:02]} 37. Ke1 {[%emt 0:00:19]} Bc8 {[%emt 0:00:02]} 38. Rxd8 {[%emt 0:00:08]} Rxd8 {[%emt 0:00:03]} 39. Bd5 {[%emt 0:00:02]} Kf6 {[%emt 0:00:13]} 40. Kf2 {[%emt 0:00:14]} Be6 {[%emt 0:00:06]} 41. c4 {[%emt 0:00:02]} Kg7 {[%emt 0:00:10]} 42. Ke3 {[%emt 0:00:05]} g5 {[%emt 0:00:05]} 43. f4 {[%emt 0:00:08]} gxf4+ {[%emt 0:00:05]} 44. gxf4 {[%emt 0:00:01]} exf4+ {[%emt 0:00:01]} 45. Kxf4 {[%emt 0:00:01]} Bc8 {[%emt 0:00:09]} 46. Rg2+ {[%emt 0:00:14]} Kf8 {[%emt 0:00:02]} 47. Ke5 {[%emt 0:00:06]} Ke7 {[%emt 0:00:03]} 48. Rg7 {[%emt 0:00:07]} Rf8 {[%emt 0:00:02]} 49. Rh7 {[%emt 0:00:02]} Bg4 {[%emt 0:00:03]} 50. Kf4 {[%emt 0:00:20]} Bd1 {[%emt 0:00:02]} 51. e5 {[%emt 0:00:02]} Bxa4 {[%emt 0:00:04]} 52. e6 {[%emt 0:00:01]} Bc2 {[%emt 0:00:03]} 53. Rg7 {[%emt 0:00:17]} a4 {[%emt 0:00:02]} 54. exf7 {[%emt 0:00:05]} a3 {[%emt 0:00:02]} 55. c5 {[%emt 0:00:01]} bxc5 {[%emt 0:00:16]} 56. Rg3 {[%emt 0:00:02]} Rd8 {[%emt 0:00:16]} 57. Re3+ {[%emt 0:00:12]} Kf8 {[%emt 0:00:04]} 58. Ba2 {[%emt 0:00:02]} Bd3 {[%emt 0:00:08]} 59. Rg3 {[%emt 0:00:08]} Ke7 {[%emt 0:00:04]} 60. Re3+ {[%emt 0:00:02]} Kf8 {[%emt 0:00:03]} 61. Rg3 {[%emt 0:00:10]} Ke7 {[%emt 0:00:08]} 62. Re3+ {[%emt 0:00:05]} Kf8 {[%emt 0:00:02]} 1/2-1/2